• Gianella Luigi

di Personal Name

Records bibliografici associati: 1

001 - CONTROL NUMBER

  • control field: 30719

003 - CONTROL NUMBER IDENTIFIER

  • control field: IT-RoPau

005 - DATE AND TIME OF LATEST TRANSACTION

  • control field: 20140619123602.0

008 - FIXED-LENGTH DATA ELEMENTS

  • fixed length control field: 140619|| aca||aabn | a|a d

040 ## - CATALOGING SOURCE

  • Original cataloging agency: IT-RoPau
  • Transcribing agency: IT-RoPau

100 ## - HEADING--PERSONAL NAME

  • Personal name: Gianella Luigi
  • Dates associated with a name: Codice autore musica SPICS: 44015
  • Relator term: Autore musica
  • Name of part/section of a work: Quartetto in sol mag op 52

670 ## - SOURCE DATA FOUND

  • Source citation: Work cat.: (IT-RoPau)102253: AA.VV. 794, Quartetto di flauti dal '700 ad oggi (Il)
CREDITS: SOCIETA' SAN PAOLO Via A.Severo, 58 - ROMA (RM) & PERIODICI SAN PAOLO SRL Via Giotto, 36 MILANO & CISF Via Giotto, 36 MILANO & EDIZIONI SAN PAOLO SRL,  Piazza Soncino, 5 CINISELLO BALSAMO (MI) -- ITALY